| 000 | 00632nam a2200217 u 4500 | ||
|---|---|---|---|
| 005 | 20230623063601.0 | ||
| 008 | 100202s2004 mx r 000 0 spa d | ||
| 020 | _a9706889396 | ||
| 035 | _aUPN01000174410 | ||
| 049 | _aI | ||
| 050 | 4 |
_aPZ76.3 _bM3.9 2006 |
|
| 100 | 1 |
_aMacías, Elva, _d1944- _930163 |
|
| 245 | 1 | 3 |
_aLa rata cambalachera / _cElva Macías. |
| 250 | _a2a ed. | ||
| 260 |
_aMéxico : _bSM, _b2006. |
||
| 300 |
_a[58] p. : _bil. col. |
||
| 440 | 3 |
_aEl barco de vapor ; _v17. _pPrimeros lectores |
|
| 650 | 4 |
_aCuentos infantiles mexicanos _97723 |
|
| 650 | 4 |
_aRATONES - _vLITERATURA INFANTIL _910248 |
|
| 905 | _aLibro | ||
| 999 |
_c146514 _d146514 |
||